000
00292nam a22001217a 4500
008
180522b xxu||||| |||| 00| 0 eng d
041
_a
eng
080
_a
043.3
100
_a
0
101
_a
ARK-BTH
245
_a
Kompleks banesor- afarist, puhovc-Pejë
_c
Dreshaj,E Ademaj,E
942
_2
udc
_c
BK
999
_c
46186
_d
46186